000 00345nam a2200121Ia 4500
008 220216s9999 xx 000 0 und d
100 _aVan Ooij W J
245 0 _aRubber to metal bonding
260 _bProceedings of the International Rubber Conference, Kobe, Japan, 1995; p107-110
650 _aMetal bonding
650 _aRubber
942 _cJS
999 _c68071
_d68071